000 00598nam a2200205Ia 4500
003 IN-BaIIA
008 211028s9999 xx 000 0 eng d
020 _a978-0471-41526-8
040 _cIIA Library
080 _a539.2
_bKIT
100 _aKittel, Charles
_926645
245 0 _aintroduction to solid state physics
_cCharles Kittel
250 _a8th ed.
260 _aNew Jersey
_bJohn Wiley & Sons
_c2005
300 _axix, 680p.
650 _aCrystal Structure
_93881
650 _aPhonons
_924172
650 _aSolid state physics
942 _cBK
999 _c17262
_d17262